00399nam a2200157Ia 450000500170000000800410001702000150005805000250007310000180009824500490011626000220016530000330018744000060022052100070022652600080023320140407081929.0140130s9999 xx 000 0 und d a0590316737 aQL 544.2 b.C38 1997 aCassie, Brian cBrian Cassie.aThe butterfly alphabet book / bScholastic,c1995 a34 p. :bcol. ill. ;c24 cm. v1 aG4 c630